000 00437nam a2200169Ia 4500
005 20250423095927.0
008 250422s9999 xx 000 0 und d
020 _a9789789362790
050 _aHB 99.7 .A37/
100 _aAkpan, Michael S.
245 0 _aKeynes 63 years in memory 1994-2009: his policy relevance in the 21st century
260 _aKaduna
260 _bM.O. Press
260 _c2013
300 _a289 p
942 _cBK
999 _c31755
_d31755